<?xml version="1.0" encoding="UTF-8"?>
<record
    xmlns:xsi="http://www.w3.org/2001/XMLSchema-instance"
    xsi:schemaLocation="http://www.loc.gov/MARC21/slim http://www.loc.gov/standards/marcxml/schema/MARC21slim.xsd"
    xmlns="http://www.loc.gov/MARC21/slim">

  <leader>02160nam a22002297a 4500</leader>
  <datafield tag="999" ind1=" " ind2=" ">
    <subfield code="c">22016</subfield>
    <subfield code="d">22016</subfield>
  </datafield>
  <controlfield tag="003">AR-CdUCM</controlfield>
  <controlfield tag="008">190425b           ||||| |||| 00| 0 spa d</controlfield>
  <datafield tag="040" ind1=" " ind2=" ">
    <subfield code="a">MUNICIPALIDAD PROVINCIAL DEL CUSCO</subfield>
    <subfield code="c">BIBLIOTECA MUNICIPAL DEL CUSCO</subfield>
  </datafield>
  <datafield tag="082" ind1=" " ind2=" ">
    <subfield code="a">Cuzcoactual/N&#xB0;1/1954</subfield>
  </datafield>
  <datafield tag="245" ind1=" " ind2=" ">
    <subfield code="a">Cuzco actual /</subfield>
  </datafield>
  <datafield tag="260" ind1=" " ind2=" ">
    <subfield code="a">Cusco.</subfield>
    <subfield code="b">Noticias e informaciones,</subfield>
    <subfield code="b">Futuro,</subfield>
    <subfield code="c">1954.</subfield>
  </datafield>
  <datafield tag="300" ind1=" " ind2=" ">
    <subfield code="a">174 p&#xE1;ginas. :</subfield>
    <subfield code="c">16 cm.</subfield>
  </datafield>
  <datafield tag="440" ind1=" " ind2=" ">
    <subfield code="a">Cuzco Actual.</subfield>
    <subfield code="n">N&#xB0;1,1954</subfield>
    <subfield code="9">47172</subfield>
  </datafield>
  <datafield tag="505" ind1=" " ind2=" ">
    <subfield code="a">Contenido: Leyes por la Reconstrucci&#xF3;n del Cuzco. -- Autoridades del Cusco. -- Escudo del Cuzco. -- Exegesis de la Raza. -- El Cuzco anterior a los Incas. -- Cuzco Incaico. -- El nuevo indio. -- Cuzco colonial. -- El Cuzco despu&#xE9;s de la colonia. -- Cuzco actual, ligeros apuntes monogr&#xE1;ficos. -- Cuzco actual, visto desde la catedra. -- Provincia de Quispicanchis. -- Pueblo indio. -- Lo que le ocurri&#xF3; a la patata. -- Urcos, capital de Quispicanchis. -- Distrito de Quiquijana. -- Historia e importancia de Quispicanchis. -- La cer&#xE1;mica inca Cuzco y sus motivos de ornamentaci&#xF3;n. -- Elementos representativos de Quispicanchis. --  distrito de Huaro. -- Distrito de Oropeza. -- distrito de Cusipata. -- Cuzco. -- Escuela regional de Bellas Artes. -- Mar&#xED;a Carmen Acu&#xF1;a de Ferro. --  Nuestra am&#xE9;rica. -- Problemas educacionales. -- Colegio de San Francisco. -- Corte Superior de Justicia del Cuzco. -- Presencia inmortal del Cuzco. -- Hospicio para ancianos Mar&#xED;a Salome Ferro. --  Provincia de la Convenci&#xF3;n. -- Extra&#xF1;as paradojas. -- Agricultura. -- El alcalde de Madrid. -- Una sentencia primorosa. -- Colegio de San Jos&#xE9; de la Salle. -- Representaci&#xF3;n parlamentaria. -- Elementos y ubicaci&#xF3;n del Cuento Cuzque&#xF1;o. -- Recuerdos y presencia del Cuzco. -- Parque infantil Marianito Ferro Acu&#xF1;a. -- Puesto de Socorro. --  Colegio Salesiano. -- C&#xE1;maras de Comercio, 3a. Convenci&#xF3;n, el caso del mendigo mugriento de Puyka</subfield>
  </datafield>
  <datafield tag="650" ind1=" " ind2=" ">
    <subfield code="a">Historias del Cusco</subfield>
    <subfield code="9">47166</subfield>
  </datafield>
  <datafield tag="650" ind1=" " ind2=" ">
    <subfield code="a">Provincias del Cusco</subfield>
    <subfield code="9">34880</subfield>
  </datafield>
  <datafield tag="700" ind1=" " ind2=" ">
    <subfield code="a">Frisancho, Manuel Silvestre</subfield>
    <subfield code="9">47173</subfield>
  </datafield>
  <datafield tag="700" ind1=" " ind2=" ">
    <subfield code="a">Ramos, Miguel Augusto</subfield>
    <subfield code="9">47174</subfield>
  </datafield>
  <datafield tag="700" ind1=" " ind2=" ">
    <subfield code="a">Cosi&#xF3;, Jos&#xE9; Gabriel</subfield>
    <subfield code="9">11720</subfield>
  </datafield>
  <datafield tag="942" ind1=" " ind2=" ">
    <subfield code="2">ddc</subfield>
    <subfield code="c">PP</subfield>
  </datafield>
  <datafield tag="945" ind1=" " ind2=" ">
    <subfield code="a">vhl</subfield>
  </datafield>
  <datafield tag="952" ind1=" " ind2=" ">
    <subfield code="0">0</subfield>
    <subfield code="2">ddc</subfield>
    <subfield code="4">0</subfield>
    <subfield code="7">0</subfield>
    <subfield code="a">HEM</subfield>
    <subfield code="b">HEM</subfield>
    <subfield code="c">CART</subfield>
    <subfield code="d">2022-02-10</subfield>
    <subfield code="g">5.00</subfield>
    <subfield code="o">Cuzcoactual/N&#xB0;1/1954/e.2</subfield>
    <subfield code="p">REVC000576</subfield>
    <subfield code="r">2022-02-10</subfield>
    <subfield code="y">PP</subfield>
  </datafield>
  <datafield tag="952" ind1=" " ind2=" ">
    <subfield code="0">0</subfield>
    <subfield code="2">ddc</subfield>
    <subfield code="4">0</subfield>
    <subfield code="7">0</subfield>
    <subfield code="a">HEM</subfield>
    <subfield code="b">HEM</subfield>
    <subfield code="c">CART</subfield>
    <subfield code="d">2022-02-10</subfield>
    <subfield code="g">5.00</subfield>
    <subfield code="o">Cuzcoactual/N&#xB0;1/1954/e.3</subfield>
    <subfield code="p">REVC000577</subfield>
    <subfield code="r">2022-02-10</subfield>
    <subfield code="y">PP</subfield>
  </datafield>
  <datafield tag="952" ind1=" " ind2=" ">
    <subfield code="0">0</subfield>
    <subfield code="2">ddc</subfield>
    <subfield code="4">0</subfield>
    <subfield code="7">0</subfield>
    <subfield code="a">HEM</subfield>
    <subfield code="b">HEM</subfield>
    <subfield code="c">CART</subfield>
    <subfield code="d">2022-02-10</subfield>
    <subfield code="g">5.00</subfield>
    <subfield code="o">Cuzcoactual/N&#xB0;1/1954</subfield>
    <subfield code="p">REVC000575</subfield>
    <subfield code="r">2022-02-10</subfield>
    <subfield code="y">PP</subfield>
  </datafield>
</record>
